[Event "NOR-ch Rapid"]
[Site "Drammen"]
[Date "2023.01.07"]
[Round "4"]
[White "Risting, Eivind Olav"]
[Black "Kvam, Audun"]
[Result "1-0"]
[WhiteElo "2315"]
[BlackElo "2024"]
[PlyCount "49"]
[EventDate "2023.01.07"]
[EventType "swiss (rapid)"]
[EventRounds "10"]
[EventCountry "NOR"]
[SourceTitle "CBM 212 Extra"]
[Source "ChessBase"]
[SourceDate "2023.03.31"]
[SourceVersion "1"]
[SourceVersionDate "2023.03.31"]
[SourceQuality "1"]

1. d4 Nf6 2. c4 e5 3. dxe5 Ng4 4. Bf4 Nc6 5. Nf3 Bb4+ 6. Nbd2 Qe7 7. a3 Bxd2+ 8. Qxd2 Ngxe5 9. Nxe5 Nxe5 10. c5 a5 11. e3 0-0 12. Be2 Rd8 13. Qd5 d6 14. Rd1 Be6 15. Qxb7 Rab8 16. cxd6 Qxd6 17. Rxd6 cxd6 18. Qa6 Rxb2 19. 0-0 h6 20. Bxe5 dxe5 21. Qxa5 Rdd2 22. Bf3 Rbc2 23. Qxe5 Rc8 24. h4 Ra2 25. Ra1 1-0

[Event "Lillestrom CC-ch"]
[Site "Lillestrom"]
[Date "2018.09.10"]
[Round "1"]
[White "Kvam, Audun"]
[Black "Aaneby, Terje"]
[Result "1-0"]
[WhiteElo "2026"]
[BlackElo "1356"]
[PlyCount "57"]
[EventDate "2018.09.10"]
[EventType "swiss"]
[EventRounds "9"]
[EventCountry "NOR"]
[SourceTitle "EXT 2024"]
[Source "ChessBase"]
[SourceDate "2023.10.10"]
[SourceVersion "1"]
[SourceVersionDate "2023.10.10"]
[SourceQuality "1"]

1. e4 e5 2. Nf3 d6 3. d4 exd4 4. Nxd4 Nf6 5. Nc3 a6 6. a4 Be7 7. Be2 Nbd7 8. 0-0 0-0 9. f4 h6 10. Bf3 Rb8 11. Be3 c6 12. Nf5 Nc5 13. b4 Bxf5 14. bxc5 Bxe4 15. cxd6 Bxf3 16. dxe7 Qxe7 17. Qxf3 Rfe8 18. Rfe1 Qb4 19. Bf2 Qa5 20. Ne4 Nd5 21. c4 Nc7 22. Reb1 Ne6 23. Bb6 Qf5 24. Nd6 Qc2 25. Nxe8 Rxe8 26. Re1 Qb2 27. Rab1 Qf6 28. f5 Nc7 29. Bxc7 1-0

[Event "Lillestrom CC-ch"]
[Site "Lillestrom"]
[Date "2017.10.02"]
[Round "4"]
[White "Kvam, Audun"]
[Black "Ulvin, Dag"]
[Result "1/2-1/2"]
[WhiteElo "1975"]
[BlackElo "2257"]
[PlyCount "85"]
[EventDate "2017.09.04"]
[EventType "swiss"]
[EventRounds "9"]
[EventCountry "NOR"]
[SourceTitle "EXT 2024"]
[Source "ChessBase"]
[SourceDate "2023.10.10"]
[SourceVersion "1"]
[SourceVersionDate "2023.10.10"]
[SourceQuality "1"]

1. e4 e5 2. Nf3 Nc6 3. Bb5 a6 4. Ba4 Nf6 5. 0-0 Be7 6. Re1 b5 7. Bb3 0-0 8. c3 d5 9. exd5 Nxd5 10. Nxe5 Nxe5 11. Rxe5 c6 12. d4 Bd6 13. Re1 Qh4 14. g3 Qh3 15. Re4 g5 16. Qf1 Qxf1+ 17. Kxf1 Bh3+ 18. Kg1 Rfe8 19. Rxe8+ Rxe8 20. Bd2 Nf6 21. Bd1 Ne4 22. Bf3 h6 23. Bg2 Bd7 24. f3 Nf6 25. Kf2 c5 26. Na3 cxd4 27. cxd4 Rc8 28. Rc1 Rxc1 29. Bxc1 Bxa3 30. bxa3 Be6 31. Bd2 Bxa2 32. h4 gxh4 33. gxh4 Kg7 34. Bh3 Be6 35. Bxe6 fxe6 36. Ke3 Kg6 37. Kf4 Nd7 38. Ba5 Nb8 39. Bc7 Nc6 40. Ke4 b4 41. axb4 Nxb4 42. Ke5 Kf7 43. Ke4 1/2-1/2

[Event "Oslo Stjernens op"]
[Site "Oslo"]
[Date "2016.03.13"]
[Round "5"]
[White "Eriksen, Dagfinn"]
[Black "Kvam, Audun"]
[Result "0-1"]
[WhiteElo "1720"]
[BlackElo "2000"]
[PlyCount "44"]
[EventDate "2016.03.11"]
[EventType "swiss"]
[EventRounds "5"]
[EventCountry "NOR"]
[SourceTitle "EXT 2019"]
[Source "ChessBase"]
[SourceDate "2018.10.10"]
[SourceVersion "1"]
[SourceVersionDate "2018.10.10"]
[SourceQuality "1"]

1. e4 c5 2. Nc3 e6 3. g3 d5 4. exd5 exd5 5. Qe2+ Be7 6. Bg2 Nf6 7. d3 Bg4 8. Bf3 Bxf3 9. Nxf3 0-0 10. Bd2 Re8 11. 0-0-0 Nc6 12. Qf1 b5 13. Kb1 Rb8 14. Bf4 Rb7 15. Ne5 Nd4 16. Ne2 Nxe2 17. Qxe2 Bd6 18. d4 cxd4 19. Rhe1 Rbe7 20. Qxb5 Bxe5 21. Bd2 Re6 22. Ba5 Bc7 0-1

[Event "NOR-chT 1112"]
[Site "Norway"]
[Date "2011.11.04"]
[Round "1"]
[White "David, Edwin"]
[Black "Kvam, Audun"]
[Result "1-0"]
[WhiteElo "2269"]
[BlackElo "2022"]
[PlyCount "65"]
[EventDate "2011.11.04"]
[EventType "team-tourn"]
[EventRounds "9"]
[EventCountry "NOR"]
[SourceTitle "EXT 2013"]
[Source "ChessBase"]
[SourceDate "2012.11.22"]
[SourceVersion "1"]
[SourceVersionDate "2012.11.22"]
[SourceQuality "1"]
[WhiteTeam "Kristiansund"]
[BlackTeam "Moss"]
[WhiteTeamCountry "NOR"]
[BlackTeamCountry "NOR"]

1. e4 c5 2. b4 b6 3. bxc5 bxc5 4. Nf3 Nc6 5. Nc3 e6 6. Bc4 d6 7. 0-0 Nf6 8. Rb1 Be7 9. d3 0-0 10. Re1 d5 11. exd5 exd5 12. Bb5 Bd7 13. Bg5 d4 14. Bxf6 Bxf6 15. Ne4 Be7 16. Qd2 Nb4 17. Bc4 Bc6 18. a3 Nd5 19. Ne5 Be8 20. Rb7 Bd6 21. Nxd6 Qxd6 22. Qa5 Ne3 23. fxe3 Qxe5 24. e4 Bc6 25. Rxa7 Kh8 26. Rf1 Qg5 27. h3 Rab8 28. Qc7 f5 29. Qxc6 fxe4 30. Rxf8+ Rxf8 31. Qxe4 Qc1+ 32. Kh2 h5 33. Qe5 1-0